Statistiken für Alle Geist - Pokémon aufzählen

Klicken Sie hier um das Quiz zu spielen!

Allgemein

  • Dieses Quiz wurde 7 mal gespielt
  • Das Durchschnittsergebnis liegt bei 34 aus 75

Antwortstatistiken

# Nr.Pokémon% Korrekt
#093Alpollo
100%
#094Gengar
100%
#092Nebulak
100%
#302Zobiris
83%
#493Arceus (Geist)
67%
#354Banette
67%
#563Echnatoll
67%
#157Hisui - Tornupto
67%
#442Kryppuk
67%
#608Laternecto
67%
#607Lichtel
67%
#562Makabaja
67%
#778Mimigma
67%
#353Shuppet
67%
#609Skelabra
67%
#200Traunfugil
67%
#429Traunmagil
67%
#477Zwirrfinst
67%
#356Zwirrklop
67%
#355Zwirrlicht
67%
#105Alola - Knogga
50%
#773Amigento (Geist)
50%
#593Apoquallyp
50%
#680Duokles
50%
#681Durengard
50%
#478Frosdedje
50%
#222Galar - Corasonn
50%
#487Giratina
50%
#622Golbit
50%
#623Golgantes
50%
#679Gramokles
50%
#710Irrbis
50%
#867Oghnatoll
50%
#711Pumpdjinn
50%
#592Quabbel
50%
#479Rotom
50%
#724Silvarro
50%
#741Choreogel (Buyo - Stil)
33%
#770Colossand
33%
#425Driftlon
33%
#426Drifzepeli
33%
#1013Fatalitcha
33%
#854Fatalitee
33%
#972Friedwuff
33%
#999Gierspenst
33%
#864Gorgasonn
33%
#885Grolldra
33%
#971Gruff
33%
#571Hisui - Zoroark
33%
#570Hisui - Zorua
33%
#720Hoopa
33%
#887Katapuldra
33%
#806Kopplosio
33%
#802Marshadow
33%
#1000Monetigo
33%
#1012Mortcha
33%
#855Mortipot
33%
#781Moruda
33%
#800Necrozma
33%
#292Ninjatom
33%
#708Paragoni
33%
#886Phandra
33%
#769Sankabuh
33%
#709Trombork
33%
#937Azugladis
17%
#898Coronospa (Rappenreiter)
17%
#979Epitaff
17%
#987Flatterhaar
17%
#947Horrerba
17%
#1025Infamomo
17%
#792Lunala
17%
#897Phantoross
17%
#902Salmagnis
17%
#911Skelokrok
17%
#946Weherba
17%

Verteilung der Resultate

Perzentil nach korrekt beantworteten Fragen

Anzahl Personen mit jedem Resultat

Ihre Resultats-Entwicklung

Sie haben dieses Quiz noch nicht gespielt